00918nam a2200205Ka 450000100060000000300060000600500170001200800410002903500200007004000080009008200260009824502620012425000310038626000450041730000520046250400260051450500910054063000450063165000360067625737GBCCL20241126110613.0821216s1933 xx 000 0 eng u a(OCoLC)09061203 cIHH a220.07a220.0202bSYS04aThe System Bible study :bbeing an effort to give the most complete, the most concise and the most useful book of classified Bible helps. The gems--the masterpieces--the crown jewels--the heart of the Bible /cBy many of the world's greatest Bible scholars. aRev. and enl. ed. of 1943. aChicago, :bSystem Bible company,c1964. a786 p. :a2 pt. in 1 v. :bill., maps ;c22 cm. aIndex follows paging.0 aI. Historical and general information (p. 5-363)--II. Classified Scriptures (p. 1-787)08aBible.xStudy.xHandbooks, manuals, etc. 8aBiblexHandbooks, manuals, etc.